Membres de la Brigade de St-Tropez dans Les Gendarmes - Statistiques

Statistiques générales
  • Ce quiz a été pris 4 fois
  • Le résultat moyen est 3 sur 9
Statistiques - réponses
Par images Réponse % Correct
Jérôme Gerber
100%
Lucien Fougasse
100%
Ludovic Cruchot
100%
Beaupied
25%
Albert Merlot
0%
Gaston Tricard
0%
Jules Berlicot
0%
Perlin
0%
Taupin
0%
Aucun quiz correspondant
Distribution des résultats
% des personnes avec chaque résultat
Percentile par nombre de réponses
Votre historique - résultats
Vous n’avez pas pris ce quiz